Fenomény bídy, bohatství a blahobytu

Uložené v:
Podrobná bibliografia
Médium: Kniha
Jazyk:Czech
Vydavateľské údaje: Praha Ústřední ústav národohospodářského výzkumu 1990
Tagy: Pridať tag
Žiadne tagy, Buďte prvý, kto otaguje tento záznam!

MARC

LEADER 00000nam a2200000 4500
001 c036261
005 20250526093723.9
041 0 |a cze 
044 |a CZ 
245 1 0 |a Fenomény bídy, bohatství a blahobytu 
264 1 |a Praha  |b Ústřední ústav národohospodářského výzkumu  |c 1990 
300 |a 30 s.